Statistiques concernant Top 10 youtubers français 2024

Cliquez ici pour prendre le quiz!

Statistiques générales

  • Ce quiz a été pris 1 606 fois
  • Le résultat moyen est 6 sur 10

Statistiques - réponses

HintRéponse% Correct
1Squeezie
96%
6Michou
90%
9Inoxtag
88%
3Cyprien
78%
2Tibo Inshape
77%
7Amixem
64%
4Norman
63%
5Lama Faché
26%
10Rémi Gaillard
10%
8Tuvok12
0%

Distribution des résultats

Percentile par nombre de réponses

% des personnes avec chaque résultat

Votre développement - résultats

Vous n’avez pas pris ce quiz